Statistics for Mexico States Map Quiz

Click here to take the quiz!

General Stats

  • This quiz has been taken 51,214 times
  • The average score is 14 of 32

Answers on the Map

Answers color-coded by a green-red scale on the quiz's map according to % correct below.
Loading ...
 

Answer Stats

Answer% Correct
Baja California Sur
90%
Baja California
89%
Chihuahua
65%
Yucatán
63%
Mexico City (D.F.)
61%
Sonora
53%
Veracruz
53%
Quintana Roo
50%
Sinaloa
50%
Durango
46%
Nuevo León
46%
Oaxaca
46%
Chiapas
45%
México
44%
Coahuila
43%
Tabasco
43%
Tamaulipas
42%
Campeche
39%
Jalisco
39%
Guerrero
38%
Puebla
38%
San Luis Potosí
36%
Colima
34%
Nayarit
34%
Aguascalientes
33%
Michoacán
32%
Zacatecas
31%
Tlaxcala
30%
Guanajuato
30%
Hidalgo
29%
Querétaro
28%
Morelos
28%

Score Distribution

Percentile by Number Answered

Percent of People with Each Score

Your Score History

You have not taken this quiz